Hidden wisdom and the easy yoke : (Record no. 15742)
[ view plain ]
| 000 -LEADER | |
|---|---|
| fixed length control field | 00708nam a2200181 4500 |
| 008 - FIXED-LENGTH DATA ELEMENTS--GENERAL INFORMATION | |
| fixed length control field | 030710s1987 enk 0 eng |
| 020 ## - INTERNATIONAL STANDARD BOOK NUMBER | |
| International Standard Book Number | 1850750580 |
| 090 ## - LOCALLY ASSIGNED LC-TYPE CALL NUMBER (OCLC); LOCAL CALL NUMBER (OCLC) | |
| Classification number (OCLC) (R) ; Classification number, CALL (RLIN) (NR) | BS2575.2 |
| Local cutter number (OCLC) ; Book number/undivided call number, CALL (RLIN) | D48 |
| 100 1# - MAIN ENTRY--PERSONAL NAME | |
| Personal name | Deutsch, Celia |
| 245 10 - TITLE STATEMENT | |
| Title | Hidden wisdom and the easy yoke : |
| Remainder of title | wisdom torah and discipleship in Matthew 11:25-30 / |
| Statement of responsibility, etc | Celia Deutsch. |
| 260 ## - PUBLICATION, DISTRIBUTION, ETC. (IMPRINT) | |
| Place of publication, distribution, etc | Sheffield : |
| Name of publisher, distributor, etc | JSOT Press, |
| Date of publication, distribution, etc | c1987. |
| 300 ## - PHYSICAL DESCRIPTION | |
| Extent | 205 p. |
| 490 1# - SERIES STATEMENT | |
| Series statement | Journal for the study of the New Testament supplement series; |
| Volume number/sequential designation | 18 |
| 504 ## - BIBLIOGRAPHY, ETC. NOTE | |
| Bibliography, etc | Biblio: pp. 181-196 |
| 650 #4 - SUBJECT ADDED ENTRY--TOPICAL TERM | |
| Topical term or geographic name as entry element | Bible. N.T. Matthew 11:25-30 |
| General subdivision | Criticism, interpretation, etc. |
| 650 #4 - SUBJECT ADDED ENTRY--TOPICAL TERM | |
| Topical term or geographic name as entry element | Bible. N.T. |
| General subdivision | Language, style. |
| 951 ## - EQUIVALENCE OR CROSS-REFERENCE-GEOGRAPHIC NAME/AREA NAME [OBSOLETE] [CAN/MARC only] | |
| General subdivision | 00004879 |
| 951 ## - EQUIVALENCE OR CROSS-REFERENCE-GEOGRAPHIC NAME/AREA NAME [OBSOLETE] [CAN/MARC only] | |
| -- | 13320 |
| -- | BS2575.2/D48 |
| -- | 070613111250078 |
| -- | 2000-12-21 |
| -- | GC |
| Withdrawn status | Lost status | Damaged status | Not for loan | Home library | Current library | Shelving location | Date acquired | Accession number | Shelving control number | Total Checkouts | Full call number | Barcode | Date last seen | Price effective from | Koha item type |
|---|---|---|---|---|---|---|---|---|---|---|---|---|---|---|---|
| BSOP Library | BSOP Library | GC | 12/21/2000 | 13320 | 127 | BS2575.2/D48 | 00004879 | 02/23/2013 | 02/23/2013 | Books |
